| 000 | 03906nam a2200409Ia 4500 | ||
|---|---|---|---|
| 003 | OSt | ||
| 005 | 20260501090000.0 | ||
| 008 | 260210s9999||||xx |||||||||||||| ||aze|| | ||
| 020 | _a9789952846133 | ||
| 040 |
_aAz-XaKU _baze _cAz-XaKU |
||
| 041 | 0 | _aaze | |
| 050 | 1 | 4 | _aP321 .V173 2023 |
| 100 |
_aVəlişov, Nazim, _cBakı Slavyan Universitetinin "Azərbaycanşünaslıq" tədris-mədəniyyət mərkəzinin elmi işçisi, _emüəllif. |
||
| 245 | 0 |
_aHəqiqətin onomastikası-2 _b: Qarabağ və Şərqi Zəngəzur _c/ Nazim Vəlişov, Tahir Kazımlı ; layihə rəhbəri Kamal Abdullayev ; elmi redaktor Natiq Babayev ; layihəyə məsul Rəvan Həsənov ; redaksiya heyəti Kərim Şükürov, Zakir Eminov, Musa Qasımlı, Həcər Verdiyeva, Elçin İsmayılov, Araz Qurbanov, Müqabil Bayramov, Aysel Qəribli |
|
| 264 |
_aBakı: _c 2023. |
||
| 300 |
_a504 səhifə; _c30 sm. |
||
| 500 | _aKitab Azərbaycan Respublikasının Prezidenti İlham Əliyevin tövsiyələri əsasında tərtib edilmişdir. | ||
| 504 | _aƏdəbiyyat siyahısı: s. 490-502 | ||
| 505 | 0 | _aAzərbaycan Respublikasında iqtisadi rayonların yeni bölgüsü haqqında Azərbaycan Respublikası Prezidentinin Fərmanı -- Önsöz -- Qarabağ iqtisadi rayonunun işğaldan azad olunmuş oykonimləri -- Ağdam rayonu -- Füzuli rayonu -- Xocalı rayonu -- Xocavənd rayonu -- Şuşa rayonu -- Tərtər rayonu -- Şərqi Zəngəzur iqtisadi rayonunun işğaldan azad olunmuş oykonimləri -- Cəbrayıl rayonu -- Kəlbəcər rayonu -- Qubadlı rayonu -- Laçın rayonu -- Zəngilən rayonu -- Qarabağ və Şərqi Zəngəzurun oronimləri -- Qarabağ və Şərqi Zəngəzurun hidronimləri -- Qarabağ İqtisadi rayonu -- Şərqi Zəngəzur İqtisadi rayonu. | |
| 520 | 0 | _aKitabda 1988-ci ilin fevralından başlayan Qarabağ müharibəsində Azərbaycanın Qarabağ və Şərqi Zəngəzur bölgələrinin erməni silahlı qüvvələri tərəfindən işğal edilmiş oykonimləri, oronimləri və hidronimləri haqqında ensiklopedik məlumatlar öz əksini tapmışdır. Qarabağ və Şərqi Zəngəzur ərazilərindəki toponimlər tədqiqat obyekti kimi linqvistik, tarixi və coğrafi baxımdan araşdırılmış, bu ərazilərin areal etnotoponimləri izahlı təhlil edilmişdir. Ərazinin yaşayış məntəqələri haqqında ilk dəfədir ki, belə nəfis şəkildə ensiklopedik məlumat-sorğu kitabı çap olunur. Vətənpərvərlik ruhunda yazılan və gərgin zəhmət hesabına araya-ərsəyə gətirilən bu dəyərli kitab uzaq və yaxın tariximizi öyrənmək, ümumilikdə kimliyimizi bilmək, onu dərk etmək baxımından hər bir ev, hər bir ailə üçün gərəklidir. Bu kitab hamımızın bilmək məcburiyyətində olduğumuz tarixin bəzi qaranlıq səhifələrini oxuculara təqdim edir. | |
| 521 | _aƏsasən dilçilər, tarixçilər, coğrafiyaçılar, alimlər, tədqiqatçılar, siyasətçilər, müəllimlər, tələbələr - Azərbaycanın tarixinə, dilinə maraq göstərən geniş oxucu kütləsi üçün nəzərdə tutulmuş bu kitab Qarabağ və Şərqi Zəngəzurun qədim türk-oğuz yurdu olmasını tutarlı faktlarla təsdiq edən qiymətli mənbədir. | ||
| 650 | 0 | 7 |
_aDilçilik _2Az-XaKU |
| 700 | 1 |
_aKazımlı,Tahir, _emüəllif. |
|
| 700 | 1 |
_aAbdullayev, Kamal, _elayihə rəhbəri. |
|
| 700 | 1 |
_aBabayev, Natiq, _eelmi redaktor. |
|
| 700 | 1 |
_aHəsənov, Rəvan, _elayihəyə məsul. |
|
| 700 | 1 |
_aŞükürov, Kərim, _eredaksiya heyəti. |
|
| 700 | 1 |
_aEminov, Zakir, _eredaksiya heyəti. |
|
| 700 | 1 |
_aQasımlı, Musa, _eredaksiya heyəti. |
|
| 700 | 1 |
_aVerdiyeva, Həcər, _eredaksiya heyəti. |
|
| 700 | 1 |
_aİsmayılov, Elçin, _eredaksiya heyəti. |
|
| 700 | 1 |
_aQurbanov, Araz, _eredaksiya heyəti. |
|
| 700 | 1 |
_aBayramov, Müqabil, _eredaksiya heyəti. |
|
| 700 | 1 |
_aQəribli, Aysel, _eredaksiya heyəti. |
|
| 942 | _cBOOK | ||
| 999 |
_c33 _d33 |
||